| 000 | 01034cam a22002295a 4500 | ||
|---|---|---|---|
| 001 | L139770 | ||
| 002 | 2007/33 | ||
| 008 | 070807s2007 xxk f 000 0 eng d | ||
| 035 | _a(Sirsi) u139770 | ||
| 041 | 0 | _aeng | |
| 050 | 0 | 4 | _a333.0062 $2 18 |
| 110 | 2 |
_aRoyal Institution of Chartered Surveyors _94900 |
|
| 245 | 0 | 0 |
_aRegulations _bas presently (1 June 2007) approved |
| 260 |
_aLondon _bRICS _c2007 |
||
| 300 |
_a168p. _c30cm. |
||
| 520 | _aA collection of the RICS regulations as approved at 1 June 2007. Includes regulations which have been approved but were not yet in force at the date of printing. Includes regulations relating to membership, general meetings, the governing council, faculties, the library, accounts, committees and national associations. | ||
| 590 | _aKA | ||
| 651 | 4 | _aInternational | |
| 690 | _aABOUT RICS-RICS STRUCTURE AND GOVERNANCE-RICS REGULATIONS | ||
| 856 | 4 | 1 |
_uhttps://www.rics.org/RICSWEB/getpage.aspx?p=9Mq2184QDkOwPYs59IIOCQ _zView the item free of charge at www.rics.org... |
| 942 | _n0 | ||
| 999 |
_c107342 _d107342 |
||